000 00775nam a2200241 a 4500
001 000036862
005 20200930080001.0
008 110119s1955 sp r 000 f spa d
040 _aDO-SdBNP
_bspa
_cBNPHU
041 1 7 _aspa
_heng
082 _a823
_bM367v
100 1 _aMarshall, Bruce,
_d1899-1987
_949578
240 1 3 _aOnly fade away
_lespañol
245 1 3 _aLos veteranos no mueren /
_cBruce Marshall ; versión española de Domingo Manfredi.
260 _aBarcelona :
_bLuis de Caralt,
_c1955.
300 _a384 p. ;
_c20 cm.
490 1 _aColección gigante
650 2 4 _aNovela inglesa
_91071
650 2 4 _aLiteratura inglesa
_9498
700 1 2 _aManfredi, Domingo,
_etr.
_963225
830 0 _aColección gigante
_949580
910 _aValidado. Control de calidad MFF
999 _c36353
_d36353